Schools count in country life. (Record no. 22072)

MARC details
000 -LEADER
fixed length control field 00944cam a22002651 4500
001 - CONTROL NUMBER
control field e 47000051
003 - CONTROL NUMBER IDENTIFIER
control field DLC
005 - DATE AND TIME OF LATEST TRANSACTION
control field 20260227111233.0
008 - FIXED-LENGTH DATA ELEMENTS--GENERAL INFORMATION
fixed length control field 760510s1947 waua b 000 0 eng c
010 ## - LIBRARY OF CONGRESS CONTROL NUMBER
LC control number e 47000051
035 ## - SYSTEM CONTROL NUMBER
System control number (OCoLC)2168068
040 ## - CATALOGING SOURCE
Original cataloging agency U. S. Office of Education. Library
Transcribing agency NOsU
Modifying agency DLC
042 ## - AUTHENTICATION CODE
Authentication code premarc
050 00 - LIBRARY OF CONGRESS CALL NUMBER
Classification number L111
Item number .A6 1947, no. 8
051 ## - LIBRARY OF CONGRESS COPY, ISSUE, OFFPRINT STATEMENT
Classification number LB1567
Item number .B263
082 ## - DEWEY DECIMAL CLASSIFICATION NUMBER
Classification number 379.173
100 1# - MAIN ENTRY--PERSONAL NAME
Personal name Bathurst, Effie G.
Fuller form of name (Effie Geneva),
Dates associated with a name 1886-
245 10 - TITLE STATEMENT
Title Schools count in country life.
260 ## - PUBLICATION, DISTRIBUTION, ETC.
Place of publication, distribution, etc. [Washington,
Date of publication, distribution, etc. 1947]
300 ## - PHYSICAL DESCRIPTION
Extent iv, 61 p.
Other physical details illus.
Dimensions 23 cm.
410 10 - SERIES STATEMENT/ADDED ENTRY--CORPORATE NAME [OBSOLETE, CAN/MARC], [LOCAL, USA]
Corporate name or jurisdiction name as entry element United States.
Subordinate unit Office of Education.
Title of a work Bulletin
Volume number/sequential designation 1947, no. 8
501 ## - WITH NOTE
With note Copies 1 and 2 of L111.A6 with: Education in Ecuador / Cameron Duncan Ebaugh. Washington : Govt. Print. Off., 1947. Bound together subsequent to publication.
Institution to which field applies DLC
504 ## - BIBLIOGRAPHY, ETC. NOTE
Bibliography, etc. note Bibliography: p. 58-61.
650 #0 - SUBJECT ADDED ENTRY--TOPICAL TERM
Topical term or geographic name entry element Rural schools
Geographic subdivision United States.

No items available.

Powered by Koha